• 首页
  • 本馆介绍
  • 公告通知
  • 最新文献
  • 馆藏检索
  • 电子资源
  • 读者荐购
  • 参考咨询
  • CALIS
  • 我的图书馆
  • 登录
  • 详细信息显示
  • 放入我的书架
  • 预约/预借图书
  • 作者相关作品
  • 分类相关作品
  • 丛书相关作品
  • 出版社相关作品

书目信息

  • 表格格式
  • 工作单格式
  • 卡片格式
题名:
香港三部曲
    
 
作者: 刘文勇 著
分册: 第二部   波涛
出版信息: 北京   作家出版社  2002.10
页数: 868页
开本: 22cm
丛书名:
单 册:
中图分类: I247.5
科图分类:
主题词: 小说--中国
电子资源:
ISBN: 7-5063-2488-1
 
 
 
 
 
000 00723 nam 000253
001 0100006591
005 20100401151907.59
010    @a7-5063-2488-1@dCNY19.50
100    @a20020103d2008 em y0chiy0121 ea
101    @achi
102    @aCN@b110000
105    @ay z 000yy
106    @ar
200 10 @a香港三部曲@Axiang gang san bu qu@9xiang gang san bu qu di er bu bo tao@h第二部@i波涛@f刘文勇著@Fliu wen yong zhu
210    @a北京@c作家出版社@d2002.10
215    @a868页@d22cm
517 1  @a波涛@Abo tao
540    @a香港三部曲 第二部波涛
606    @a小说@x中国
690    @aI247.5@v4
701  0 @a刘文勇@9liu wen yong@4著
801    @aCN@c20100401
901    @a222222
905    @b903367-9@dI247.5@eL6801@f3
    
    香港三部曲.第二部.波涛/刘文勇著.-北京:作家出版社,2002.10
    868页;22cm
    
    
    ISBN 7-5063-2488-1:CNY19.50
    
●
相关链接 在E读中查询图书 在当当中查询图书 在豆瓣中查询图书


正题名:香港三部曲     索取号:I247.5/L6801         预约/预借

序号 登录号 条形码 馆藏地/架位号 状态 备注
1 903367   209033678   文学库108/108文学库 33排3列3层/ [索取号:I247.5/L6801] 在馆    
2 903368   209033687   文学库108/108文学库 33排3列3层/ [索取号:I247.5/L6801] 在馆    
3 903369   209033696   文学库108/108文学库 33排3列3层/ [索取号:I247.5/L6801] 在馆    
河南城建学院图书馆 欢迎您!
大连网信软件有限公司© 版权所有